000 00610ntaaa2200205 4500
003 01
005 20251027201219.0
008 0714s1973 ag 01
020 _a080281946x
040 _aAR-BaBN
_bspa
_cAR-BaBN
_eaacr
_dRIC
082 _a220.7 N42n v.26
100 _aMarshall, I. Howard
_93950
245 _a1 and 2 Thessalonians /
_cI. Howard Marshall
250 _a1 ed.
260 _aGrand Rapids :
_bEerdmans,
_c1990
300 _axvi, 240 p. ;
_c21 cm.
500 _aContiene referencias bibliográficas, bibliografía e indice.
650 _aBiblia Comentarios - Tesalonicenses
_910097
942 _cBK
999 _c6443
_d6443